Mare Nostrum : (رقم التسجيلة. 176519)

تفاصيل مارك
000 -LEADER
fixed length control field 01278namaa2200349 i 4500
003 - CONTROL NUMBER IDENTIFIER
control field EG-GICUC
005 - DATE AND TIME OF LATEST TRANSACTION
control field 20251206141221.0
008 - FIXED-LENGTH DATA ELEMENTS--GENERAL INFORMATION
fixed length control field 251206s2000 fr ab||gr|||| 001 0 eng d
020 ## - INTERNATIONAL STANDARD BOOK NUMBER
International Standard Book Number 2738495915
020 ## - INTERNATIONAL STANDARD BOOK NUMBER
International Standard Book Number 9782738495914
040 ## - CATALOGING SOURCE
Original cataloging agency EG-GiCUC
Language of cataloging eng
Transcribing agency EG-GiCUC
Modifying agency EG-GiCUC
Description conventions rda
043 ## - GEOGRAPHIC AREA CODE
Geographic area code mm-----
-- e------
082 04 - DEWEY DECIMAL CLASSIFICATION NUMBER
Edition number 21
Classification number 327.091822
Item number M323
092 04 - LOCALLY ASSIGNED DEWEY CALL NUMBER (OCLC)
Edition number 21
Classification number 327.091822
Item number M323
099 ## - LOCAL FREE-TEXT CALL NUMBER (OCLC)
Classification number 327.091822 M323
100 1# - MAIN ENTRY--PERSONAL NAME
Relator term مؤلف.
245 00 - TITLE STATEMENT
Title Mare Nostrum :
Remainder of title dynamiques et mutations géopolitiques de la Méditerranée /
Statement of responsibility, etc. sous la direction de André-Louis Sanguin.
264 ## - PRODUCTION, PUBLICATION, DISTRIBUTION, MANUFACTURE, AND COPYRIGHT NOTICE
Place of production, publication, distribution, manufacture Paris :
Name of producer, publisher, distributor, manufacturer L'Harmattan,
Date of production, publication, distribution, manufacture, or copyright notice 2000.
300 ## - PHYSICAL DESCRIPTION
Extent 320 pages :
Other physical details Illustrations, maps ;
Dimensions 24 cm.
336 ## - CONTENT TYPE
Source rdacontent
Content type term text
337 ## - MEDIA TYPE
Source rdamedia
Media type term Unmediated
338 ## - CARRIER TYPE
Source rdacarrier
Carrier type term volume
490 ## - SERIES STATEMENT
Series statement Série "Culture et politique".
-- "Collection Géographie et cultures"
504 ## - BIBLIOGRAPHY, ETC. NOTE
Bibliography, etc. note Includes bibliographical references.
541 ## - IMMEDIATE SOURCE OF ACQUISITION NOTE
Source of acquisition Dr. Jabir Usfour ;
Address Cairo ;
Method of acquisition Gift ;
Date of acquisition 2024.
650 1# - SUBJECT ADDED ENTRY--TOPICAL TERM
Topical term or geographic name entry element Geopolitics
Geographic subdivision Mediterranean Region.
Source of heading or term qrmak
651 1# - SUBJECT ADDED ENTRY--GEOGRAPHIC NAME
Source of heading or term qrmak
Geographic name Europe
General subdivision Relations
Geographic subdivision Mediterranean Region.
651 1# - SUBJECT ADDED ENTRY--GEOGRAPHIC NAME
Geographic name Mediterranean Region.
General subdivision Relations
Geographic subdivision Europe
700 1# - ADDED ENTRY--PERSONAL NAME
Personal name Sanguin, André-Louis,
Dates associated with a name 1945-
9 (RLIN) 10027
905 ## - Cataloger and Reviser Names
Cataloger Name Asmaa
942 ## - ADDED ENTRY ELEMENTS (KOHA)
Source of classification or shelving scheme Dewey Decimal Classification
Koha item type Books
Edition 21
Suppress in OPAC No
المقتنيات
Withdrawn status Lost status Source of classification or shelving scheme Damaged status Not for loan Home library Current library Date acquired Inventory number Total checkouts Full call number Barcode Date last seen Price effective from Koha item type
    Dewey Decimal Classification   Not for loan المكتبة المركزبة الجديدة - جامعة القاهرة قاعة المكتبات المهداة - الدور الرابع 06.12.2025 206464   327.091822 M323 J.U. 01000110206464000 06.12.2025 06.12.2025 Books
Cairo University Libraries Portal Implemented & Customized by: Eng. M. Mohamady Contacts: new-lib@cl.cu.edu.eg | cnul@cl.cu.edu.eg
CUCL logo CNUL logo
© All rights reserved — Cairo University Libraries
CUCL logo
Implemented & Customized by: Eng. M. Mohamady Contact: new-lib@cl.cu.edu.eg © All rights reserved — New Central Library
CNUL logo
Implemented & Customized by: Eng. M. Mohamady Contact: cnul@cl.cu.edu.eg © All rights reserved — Cairo National University Library